Business basics /
You and your company. Preparing a trip. Away on business. Visiting a company. New developments. Arrangements. Describing and comparing. Success stories. Dealing with problems. People at work. Getting a job. Working in the nineties.
Guardado en:
| Autor principal: | |
|---|---|
| Otros Autores: | |
| Formato: | Libro |
| Lenguaje: | English |
| Publicado: |
Oxford :
Oxford University Press,
1995.
|
| Materias: | |
| Etiquetas: |
Agregar Etiqueta
Sin Etiquetas, Sea el primero en etiquetar este registro!
|
| Thư viện lưu trữ: | Mạng thư viện Đại học Đà Nẵng |
|---|
| LEADER | 01345nam a2200349 a 4500 | ||
|---|---|---|---|
| 001 | 000042036 | ||
| 003 | 7405 | ||
| 005 | 20200717164136.0 | ||
| 008 | 171030s1995 | ||
| 020 | |a 0194572080 | ||
| 040 | |a lnn |c lnn |d lnn | ||
| 041 | 0 | |a eng | |
| 082 | 1 | 4 | |a 428.2 |b GR-D |
| 100 | 1 | |a Grant, David. | |
| 245 | 0 | 0 | |a Business basics / |c David Grant and Robert McLarty. |
| 260 | |a Oxford : |b Oxford University Press, |c 1995. | ||
| 300 | |a 189 p. : |b ill. (some col), forms ; |c 27.5cm. | ||
| 520 | 3 | |a You and your company. Preparing a trip. Away on business. Visiting a company. New developments. Arrangements. Describing and comparing. Success stories. Dealing with problems. People at work. Getting a job. Working in the nineties. | |
| 630 | 0 | 4 | |a English language. |
| 630 | 0 | 4 | |a Business English. |
| 650 | 0 | 4 | |a English language |x Business English. |
| 700 | 1 | |a McLarty, Robert. | |
| OWN | |a LNN | ||
| 902 | |a TKA | ||
| AVA | |a UDN50 |b LNN |c English |d 428.2 GR-D |e available |t Error 5001 Not defined in file expand_doc_bib_avail. |f 1 |g 0 |h N |i 0 |j AN |k 1 | ||
| 999 | |a From the UDN01 | ||
| AVA | |a UDN50 |b LNN |c English |d 428.2 GR-D |e available |t Error 5001 Not defined in file expand_doc_bib_avail. |f 1 |g 0 |h N |i 0 |j AN |k 1 | ||
| TYP | |a Monograph | ||
| TYP | |a Printed language | ||
| 980 | |a Mạng thư viện Đại học Đà Nẵng | ||


